Osobnosti dejín financií obdobia existencie Rakúsko – Uhorskej monarchie bakalárska práca

Na minha lista:
Detalhes bibliográficos
Autor principal: Feketeová, Petra
Autor Corporativo: Národohospodárska fakulta EU. Katedra financií
Outros Autores: Baláži, Peter
Formato: Livro
Idioma:eslovaco
Publicado em: Bratislava 2018
Tags: Adicionar Tag
Sem tags, seja o primeiro a adicionar uma tag!

MARC

LEADER 00000nbm a2200000 4500
001 0245935
005 20181213105318.8
041 0 |a slo 
044 |a SK 
245 1 0 |a Osobnosti dejín financií obdobia existencie Rakúsko – Uhorskej monarchie  |b bakalárska práca  |c Petra Feketeová ; školiteľ: Peter Baláži 
264 1 |a Bratislava  |c 2018 
300 |a 52 s. 
100 1 |a Feketeová, Petra 
700 1 |a Baláži, Peter 
710 2 |a Národohospodárska fakulta EU. Katedra financií